01235 a2200241 4500020001500000020001800015082001200033090001500045100001600060245004100076250001200117260004900129300002100178490002000199500001500219520042300234830002000657856008200677856008700759942002500846999001900871952010300890 a0761996052 a978076199605704a332.645 c3163d31631 aBhaskar, P.10aDerivatives simplified /cP Bhaskar. a1st ed. a[S.l.] :bSAGE Publications Pvt. Ltd,c2003. a210 p. ;c22 cm.1 aResponse books. aHardcover. aThis book is both informative and practitioner-orientated and covers all aspects of different derivative products. It includes the origin and growth of derivatives trading. Who uses it - when, why and how? The method of using each derivative product is also given in a simple form with easy to follow examples. Derivatives or futures trading have just been introduced into the Indian financial market to replace badla. 0aResponse books.403Amazon.comuhttp://www.amazon.com/exec/obidos/ASIN/0761996052/chopaconline-20403Amazon customer reviewsuhttp://www.chopac.org/cgi-bin/tools/azrev.pl?q=0761996052 aNBScBKk332.645 BHA c345651d345651 00104070aCLbCLd2013-08-28l1m1o332.645 BHApNBS6896r2020-10-12s2017-08-04w2013-08-28yBK